Marketing

Gespeichert in:
Bibliographische Detailangaben
1. Verfasser: Martin, Claude
Körperschaft: Ekonomická univerzita v Bratislave. Obchodná fakulta
Weitere Verfasser: Kita, Jaroslav
Format: Buch
Sprache:Französisch
Veröffentlicht: Bratislava Vydavateľstvo Ekonóm 1999
Schlagworte:
Tags: Tag hinzufügen
Keine Tags, Fügen Sie das erste Tag hinzu!

MARC

LEADER 00000nam a2200000 4500
001 c108891
005 20231108082059.7
020 |a 80-225-1112-9 
041 0 |a fre 
044 |a SK 
245 1 0 |a Marketing  |c Claude Martin, Jaroslav Kita 
264 1 |a Bratislava  |b Vydavateľstvo Ekonóm  |c 1999 
300 |a 298 s. 
610 2 0 |a marketing 
610 2 0 |a analýzy 
610 2 0 |a produkty 
610 2 0 |a politika cenová 
610 2 0 |a distribúcia 
610 2 0 |a plán 
610 2 0 |a trh 
610 2 0 |a systémy informačné 
610 2 0 |a prostredie podnikové 
610 2 0 |a stratégia marketingová 
610 2 0 |a spotrebitelia 
610 2 0 |a rozhodovanie 
610 2 0 |a nákup 
610 2 0 |a komunikácia 
610 2 0 |a manažment 
610 2 0 |a predaj 
610 2 0 |a marketing medzinárodný 
610 2 0 |a marketing mix 
610 2 0 |a konkurencia 
100 1 |a Martin, Claude 
700 1 |a Kita, Jaroslav 
710 2 |a Ekonomická univerzita v Bratislave. Obchodná fakulta